000 00614nam a2200229 i 4500
001 C2-0075411
003 PPAK
005 20180727081553.0
008 970429s1984 enka|||| ||||| | eng d
020 _a0412262304
040 _aPPAK
_beng
_cPPAK
_erda
082 0 4 _a371.39445
_223
090 0 0 _a371.39445
_bHUD
_dG
100 1 _aHudson, Keith,
_eauthor
245 1 0 _aIntroducing CAL
264 1 _aLondon :
_bChapman and Hall ,
_c1984
300 _ax, 171 pages :
_billustrations ;
_c24 cm
336 _2rdacontent
_atext
337 _2rdamedia
_aunmediated
338 _2rdacarrier
_avolume
942 _ddc
_cB
999 _c11224
_d11224